<?xml version="1.0" encoding="UTF-8"?>
<marc:record xmlns:marc="http://www.loc.gov/MARC21/slim">
   <marc:leader>00000nam a2200000 a 4500</marc:leader>
   <marc:datafield ind1="1" ind2=" " tag="100">
      <marc:subfield code="a">Harlander, Wolf</marc:subfield>
      <marc:subfield code="4">aut</marc:subfield>
      <marc:subfield code="e">Verfasser/-in</marc:subfield>
   </marc:datafield>
   <marc:datafield ind1=" " ind2=" " tag="653">
      <marc:subfield code="a">Mikroplastik</marc:subfield>
   </marc:datafield>
   <marc:datafield ind1=" " ind2=" " tag="653">
      <marc:subfield code="a">Umweltkatastrophe</marc:subfield>
   </marc:datafield>
   <marc:datafield ind1=" " ind2=" " tag="653">
      <marc:subfield code="a">Plastik / Auswirkungen auf Natur und Umwelt</marc:subfield>
   </marc:datafield>
   <marc:datafield ind1=" " ind2=" " tag="653">
      <marc:subfield code="a">Thriller</marc:subfield>
   </marc:datafield>
   <marc:datafield ind1=" " ind2=" " tag="653">
      <marc:subfield code="a">Ökothriller</marc:subfield>
   </marc:datafield>
   <marc:datafield ind1="0" ind2="0" tag="245">
      <marc:subfield code="a">Partikel</marc:subfield>
   </marc:datafield>
   <marc:datafield ind1="0" ind2="0" tag="245">
      <marc:subfield code="b">Überall. Unsichtbar. Tödlich. Thriller</marc:subfield>
   </marc:datafield>
   <marc:datafield ind1="0" ind2="0" tag="245">
      <marc:subfield code="c">Wolf Harlander</marc:subfield>
   </marc:datafield>
   <marc:datafield ind1=" " ind2="1" tag="264">
      <marc:subfield code="a">Hamburg</marc:subfield>
      <marc:subfield code="b">Rowohlt Taschenbuch Verlag</marc:subfield>
      <marc:subfield code="c">2024</marc:subfield>
   </marc:datafield>
   <marc:datafield ind1="1" ind2=" " tag="490">
      <marc:subfield code="a">Rowohlt Polaris</marc:subfield>
   </marc:datafield>
   <marc:datafield ind1=" " ind2=" " tag="250">
      <marc:subfield code="a">Originalausgabe Juli 2024</marc:subfield>
   </marc:datafield>
   <marc:datafield ind1="1" ind2=" " tag="520">
      <marc:subfield code="a">Der allererste Thriller über eine der gewaltigsten Bedrohungen unserer Zeit: Mikroplastik. Politisch hochbrisant. Medizinisch unberechenbar. Ökologisch katastrophal. Während ein Schiffsunglück eine gewaltige Umweltkatastrophe auslöst und Nachrichten über die Auswirkungen der Plastikkrise die Welt in Atem halten, kämpft in der Hamburger Uniklinik ein Kind ums Überleben. Die kleine Zoe kann das Mikroplastik in ihrem Blut nicht abbauen, in ihrer Leber wächst ein bösartiges Karzinom. Sie wird am Plastik sterben. Zoes Tante Melissa ist Journalistin, aktuell steckt sie tief in ihren Recherchen zur Firma Cyaclean, die das globale Plastikproblem mit einer bahnbrechenden Innovation lösen will - ihr Ansatz ist beeindruckend. Und Melissa knüpft Kontakte, die ihr Hoffnung machen: Vielleicht gibt es eine einzige letzte Möglichkeit, ihre Nichte zu retten. Doch dann verschwindet Zoe. Während am Mittelmeer Strände von tonnenweise bunten Plastikteilchen überspült werden und der BND düsteren Machenschaften internationalen Ausmaßes auf der Spur ist, muss Melissa alles aufs Spiel setzen, um das Kind zu finden. Denn Zoes Zeit läuft ab ... (Verlagsinformation)</marc:subfield>
   </marc:datafield>
   <marc:datafield ind1=" " ind2=" " tag="020">
      <marc:subfield code="a">9783499011351</marc:subfield>
      <marc:subfield code="9">9783499011351</marc:subfield>
   </marc:datafield>
   <marc:datafield ind1=" " ind2=" " tag="041">
      <marc:subfield code="a">ger</marc:subfield>
   </marc:datafield>
   <marc:datafield ind1=" " ind2=" " tag="300">
      <marc:subfield code="a">605 Seiten</marc:subfield>
   </marc:datafield>
</marc:record>
